000
00313nam a22001337a 4500
003
SGT
020
_a
9789390142248
082
_a
370,SAI
100
_a
SAINI, RAVINDER
245
_a
INTRODUCTION TO DISABILITY
260
_a
NEW DELHI
_b
RENOVA INTERNATIONAL PUBLICATIONS
_c
2024
300
_a
162
942
_2
ddc
_c
BK
999
_c
30671
_d
30671